[Event "Danmarksmesterskabet 2026"]
[Site "Svendborg"]
[Date "2026.03.28"]
[Round "1.1"]
[White "Hansen, Sune Berg"]
[Black "Ramsdal, Jens Albert"]
[Result "1-0"]
[WhiteElo "2498"]
[BlackElo "2329"]
[WhiteFideId "1400266"]
[BlackFideId "1429221"]
[EventDate "2026.03.28"]
[EventType "tourn"]
[EventRounds "9"]
[EventCountry "DEN"]
[SourceTitle "Live v. Kasper Jerwiarz"]

1. e4 c5 2. Nf3 g6 3. Bc4 Bg7 4. O-O d6 5. c3 Nf6 6. d3 O-O 7. a4 Nc6 8. Be3 Ng4 9. Bg5 h6 10. Bh4 Nge5 11. Nxe5 Nxe5 12. Bb3 Qc7 13. Na3 a6?! { Inaccuracy. g5 was best. } 14. f4 c4 15. Nxc4 Nxc4 16. Bxc4 e6 17. Kh1 Bd7 18. a5 b6 19. axb6 Qxb6 20. Qd2 Rfc8 21. Bf2 Qb7 22. Ra3 Rxc4? { Mistake. Rcb8 was best. } 23. dxc4 Qxe4?! { Inaccuracy. Bc6 was best. } 24. Bd4 Bf8 25. Ra5 Qc6 26. Qe2 Bc8 27. Qf3 Qxf3 28. Rxf3 Bb7 29. Rf2 Rc8 30. b3 Be7 31. Kg1 f6 32. Re2 Kf7 33. Bf2 g5 34. f5 e5 35. h3 h5 36. Rea2 Rc6?! { Inaccuracy. Ke8 was best. } 37. g4 h4 38. Be3 Bd8 39. R5a4 Ke7 40. Kf2 Kd7 41. Rd2 Kc8 42. Rd3 Bb6? { Mistake. Bc7 was best. } 43. Bxb6 Rxb6 44. c5 dxc5 45. Rc4 Rxb3 46. Rxc5+ Kb8 47. Rd6 Rb2+ 48. Ke1 Rh2 49. Rxf6 Rxh3 50. Rxe5 Rxc3 51. Rh6 Rf3 52. f6 Bc8 53. Rxg5 Kc7 54. Rg7+ Kd6 55. f7+ Be6 56. Rgg6 Kd5?! { Inaccuracy. Rxf7 was best. } 1-0

[Event "Danmarksmesterskabet 2026"]
[Site "Svendborg"]
[Date "2026.03.28"]
[Round "1.2"]
[White "Nielsen, Viktor Haarmark"]
[Black "Ochsner, Bjorn Moller"]
[Result "1/2-1/2"]
[WhiteElo "2389"]
[BlackElo "2461"]
[WhiteFideId "1444492"]
[BlackFideId "1416928"]
[EventDate "2026.03.28"]
[EventType "tourn"]
[EventRounds "9"]
[EventCountry "DEN"]
[SourceTitle "Live v. Kasper Jerwiarz"]

1. d4 Nf6 2. c4 e6 3. Nf3 d5 4. g3 Bb4+ 5. Bd2 Bd6 6. Nc3 O-O 7. Bg5 Be7 8. Bg2 Nc6 9. O-O dxc4 10. e3 Rb8 11. Nd2 Na5 12. a4?! { Inaccuracy. Qa4 was best. } 12... b6 13. Qc2 Ba6 14. Rfd1 c6 15. Bf1 Nd5 16. Bxe7 Qxe7 17. Ncb1?! { Inaccuracy. Na2 was best. } 17... Qb4?! { Inaccuracy. Nb4 was best. } 18. e4 Ne7 19. Qc3 c5 20. Na3 Qxc3 21. bxc3 cxd4 22. cxd4 Rfd8 23. Bxc4 Bb7 24. d5 exd5 25. exd5 Nxc4 26. Ndxc4 Bxd5 27. Ne3 Bf3 28. Rdc1?! { Inaccuracy. Rxd8+ was best. } 28... Rbc8 29. a5 bxa5?! { Inaccuracy. Rxc1+ was best. } 30. Rxc8 Rxc8 31. Nac4 Nc6 32. Nd2 Be2 33. Nb3 Bb5 34. Nf5 Rd8 35. Nxa5 Nxa5 36. Rxa5 a6 37. Ne3 Rd2 38. Ra1 Kf8 39. Nd1 Bc6?! { Inaccuracy. Ke7 was best. } 40. Nc3?! { Inaccuracy. Ne3 was best. } 40... Rc2 41. Nd1 Bd5 42. Ne3 Ra2 43. Rc1 Be4 44. g4 Rb2 45. Rc8+ Ke7 46. h4 g6 47. Rc7+ Ke6 48. Rc4 f5 49. Ra4 Rb1+ 50. Kh2 Ke5 51. gxf5 gxf5 52. f3?! { Inaccuracy. Ra5+ was best. } 52... Bd3?? { Blunder. Bxf3 was best. } 53. Ng2?? { Blunder. f4+ was best. } 53... Bb5 54. Ra3 Kd4?! { Inaccuracy. f4 was best. } 55. Kg3 Kc5? { Mistake. Rg1 was best. } 56. Ne3 Kb4 57. Nc2+ Kc5 58. Rc3+ Kd5 59. Kf4 a5 60. Ne3+ Kd4 61. Rc7 a4 62. Nxf5+ Kd3 63. Nd6 Rb4+ 64. Kg3 a3 65. Nxb5 Rxb5 66. Ra7 Rb3 67. Rxh7 Kc2 68. Ra7 Kb2 69. h5 a2 70. Rxa2+ Kxa2 71. Kg4 Rb6 72. Kg5 Rb5+ 73. Kg6 Rb6+ 74. Kg5 Rb5+ 75. Kg6 1/2-1/2

[Event "Danmarksmesterskabet 2026"]
[Site "Svendborg"]
[Date "2026.03.28"]
[Round "1.3"]
[White "Olsen, Filip Boe"]
[Black "Chatalbashev, Boris"]
[Result "1-0"]
[WhiteElo "2456"]
[BlackElo "2534"]
[WhiteFideId "1440640"]
[BlackFideId "2900440"]
[EventDate "2026.03.28"]
[EventType "tourn"]
[EventRounds "9"]
[EventCountry "DEN"]
[SourceTitle "Live v. Kasper Jerwiarz"]

1. d4 Nf6 2. c4 g6 3. Nf3 Bg7 4. g3 c6 5. Bg2 d5 6. O-O O-O 7. Qb3 dxc4 8. Qxc4 Bf5 9. Rd1 Nbd7 10. Nh4 Nb6 11. Qb3 Be4 12. Nc3 Bxg2 13. Nxg2 Qc8 14. e4 Rd8 15. f3 c5 16. d5 c4 17. Qc2 e6 18. dxe6 Rxd1+ 19. Qxd1 Qxe6 20. Be3 Nfd7 21. Nf4 Qc6 22. Rc1 Re8 23. b3 cxb3 24. axb3 Bxc3 25. Ne2 Ne5 26. Nxc3 Qf6 27. Kg2 Rd8 28. Qe2 Nd3 29. Rc2 Nb4 30. Rd2 Nc6?! { Inaccuracy. Rxd2 was best. } 31. Bxb6? { Mistake. Nd5 was best. } 31... axb6 32. Rxd8+ Nxd8 33. Nd5 Qd4 34. Qf2 Ne6 35. b4 b5 36. Qxd4 Nxd4 37. f4 Kf8 38. Kf2 h5 39. Ke3 Nc6 40. e5 Ke8 41. Ke4 Kd7?? { Blunder. Kf8 was best. } 42. f5 g5?? { Blunder. gxf5+ was best. } 43. h4 gxh4 44. gxh4 Ke8 45. e6 Kf8 46. Kf4 f6?! { Inaccuracy. Ke8 was best. } 47. Nxf6 Nxb4 48. Ke5 Nc6+ 49. Kd6 b4 50. Nd7+ Ke8?! { Checkmate is now unavoidable. Kg7 was best. } 51. f6 Nd8 52. Ne5 1-0

[Event "Danmarksmesterskabet 2026"]
[Site "Svendborg"]
[Date "2026.03.28"]
[Round "1.4"]
[White "Pilgaard, Kim"]
[Black "Borge, Nikolaj"]
[Result "1-0"]
[WhiteElo "2355"]
[BlackElo "2367"]
[WhiteFideId "1400657"]
[BlackFideId "1400312"]
[EventDate "2026.03.28"]
[EventType "tourn"]
[EventRounds "9"]
[EventCountry "DEN"]
[SourceTitle "Live v. Kasper Jerwiarz"]

1. e4 c5 2. Nf3 d6 3. d4 cxd4 4. Nxd4 Nf6 5. Nc3 Nc6 6. Bg5 Bd7 7. Nxc6 Bxc6 8. Bxf6 gxf6 9. Bb5 Bxb5 10. Nxb5 Qa5+ 11. Nc3 f5 12. Qd4?! { Inaccuracy. O-O was best. } 12... Rg8 13. O-O fxe4? { Mistake. Bg7 was best. } 14. Qxe4 O-O-O?! { Inaccuracy. Rc8 was best. } 15. Qc4+ Kb8 16. Qxf7 Qg5 17. g3 Qg6 18. Qxg6 Rxg6 19. Nd5 Rc8 20. c3 Rg5 21. Rad1 Rc5 22. Nf4 Rce5 23. Rfe1 Bh6 24. Ne6 Rxe1+ 25. Rxe1 Ra5 26. a3 Rb5?! { Inaccuracy. Bd2 was best. } 27. Nd4? { Mistake. f4 was best. } 27... Rxb2 28. Rxe7 Bc1?! { Inaccuracy. Bd2 was best. } 29. Rxh7 Rb1 30. a4 a6 31. Kg2 Bb2?! { Inaccuracy. Bd2 was best. } 32. Ne2 Re1 33. Kf3 Ra1 34. g4 b5 35. axb5 a5 36. g5 1-0

[Event "Danmarksmesterskabet 2026"]
[Site "Svendborg"]
[Date "2026.03.28"]
[Round "1.5"]
[White "Medhus, Vitus Bondo"]
[Black "Liu, Casper Yukun"]
[Result "1-0"]
[WhiteElo "2439"]
[BlackElo "2334"]
[WhiteFideId "1462547"]
[BlackFideId "1454153"]
[EventDate "2026.03.28"]
[EventType "tourn"]
[EventRounds "9"]
[EventCountry "DEN"]
[SourceTitle "Live v. Kasper Jerwiarz"]

1. e4 c5 2. Nc3 d6 3. Nf3 Nf6 4. d4 cxd4 5. Nxd4 a6 6. Bd3 g6 7. f3 Qb6 8. a3 Nbd7 9. Be3 e5 10. Nf5 Qc7?! { Inaccuracy. Nc5 was best. } 11. Nh6 Nb6 12. Ng4 Be7 13. Nxf6+ Bxf6 14. Qd2 Be6 15. O-O-O O-O-O 16. Qf2 Nd7 17. Qe2 Kb8 18. Kb1 Nc5 19. Rd2 Rd7 20. Rhd1 Rc8 21. Qf2 Qc6 22. Bf1 Bd8 23. Bxc5 dxc5 24. Rxd7 Bxd7 25. Bc4 Ba5? { Mistake. Be6 was best. } 26. Bxf7 Bxc3 27. bxc3 Be6 28. Bxe6 Qxe6 29. Qd2 Qc4 30. Qd3 Qa4 31. Ka2?! { Inaccuracy. c4 was best. } 31... Rc7?! { Inaccuracy. Ka7 was best. } 32. Rd2 Ka7 33. Qd5 Qb5?! { Inaccuracy. Qa5 was best. } 34. Rd3 Qa4 35. Qb3 Qe8 36. c4 Qe7 37. Qc3 Rc6 38. Rd5? { Mistake. Qd2 was best. } 38... Qg5?? { Blunder. Qh4 was best. } 39. Qd2 Qh4 40. g3 Qh3 41. Qf2 Qh6 42. Rxc5? { Mistake. a4 was best. } 42... Rb6 43. a4 Qc1 44. Rb5 axb5 45. a5 Kb8?? { Blunder. bxc4 was best. } 46. axb6 b4 47. f4 Qa3+ 48. Kb1 b3 49. c3 1-0

[Event "Danmarksmesterskabet 2026"]
[Site "Svendborg"]
[Date "2026.03.29"]
[Round "2.1"]
[White "Ochsner, Bjorn Moller"]
[Black "Medhus, Vitus Bondo"]
[Result "1-0"]
[WhiteElo "2461"]
[BlackElo "2439"]
[WhiteFideId "1416928"]
[BlackFideId "1462547"]
[EventDate "2026.03.28"]
[EventType "tourn"]
[EventRounds "9"]
[EventCountry "DEN"]
[SourceTitle "Live v. Kasper Jerwiarz"]

1. e4 e5 2. Nf3 Nc6 3. Bc4 Nf6 4. d3 Bc5 5. c3 d6 6. O-O O-O 7. Re1 a5 8. h3 Be6 9. Bb5 Ne7 10. d4 Ba7 11. Bd3 Ng6 12. Be3 c6 13. Nbd2 Nh5 14. Bf1 Nhf4 15. Kh2 Qc8 16. a4 Bb8 17. dxe5 dxe5 18. Nc4 Bxc4 19. Bxc4 Ba7 20. Bxf4 Nxf4 21. Qc2 Qc7 22. Rad1 h6 23. Rd2 Rad8 24. Red1 Rxd2 25. Qxd2 Qe7 26. Qd6 Re8?? { Blunder. Qxd6 was best. } 27. g3 Nh5?! { Inaccuracy. Ne6 was best. } 28. Qg6 Nf6 29. Nxe5 Qxe5 30. Bxf7+ Kf8 31. Bxe8 Qxe8 32. Qxe8+? { Mistake. Qf5 was best. } 32... Kxe8 33. Kg2 Ke7?! { Inaccuracy. Bc5 was best. } 34. f4 Nd7 35. b4 Nb6 36. bxa5 Nxa4?! { Inaccuracy. Nc4 was best. } 37. Rb1 Nc5 38. Kf3 Kf6?! { Inaccuracy. Bb8 was best. } 39. h4 h5 40. g4 g6 41. e5+ Ke6 42. gxh5 gxh5 43. Rg1 Bb8 44. Rg7 Kd5 45. Re7 Kc4 46. f5 Kd5 47. c4+ Kd4 48. e6 Be5 49. Rf7 Ne4 50. Rd7+ 1-0

[Event "Danmarksmesterskabet 2026"]
[Site "Svendborg"]
[Date "2026.03.29"]
[Round "2.2"]
[White "Olsen, Filip Boe"]
[Black "Nielsen, Viktor Haarmark"]
[Result "0-1"]
[WhiteElo "2456"]
[BlackElo "2389"]
[WhiteFideId "1440640"]
[BlackFideId "1444492"]
[EventDate "2026.03.28"]
[EventType "tourn"]
[EventRounds "9"]
[EventCountry "DEN"]
[SourceTitle "Live v. Kasper Jerwiarz"]

1. Nf3 d5 2. b3 Bg4 3. e3 Nf6 4. Bb2 Nbd7 5. d3 e6 6. Nbd2 h6 7. Be2 Be7 8. a4 O-O 9. h3 Bf5 10. g4 Bg6 11. Rg1 Nh7 12. h4 Bxh4 13. Nxh4 Qxh4 14. Nf3 Qe7 15. Qd2 c5 16. Rh1 f6 17. Nh4 Bf7 18. f4 Rfd8 19. Nf3 e5?! { Inaccuracy. Rac8 was best. } 20. fxe5?? { Blunder. Nh4 was best. } 20... Nxe5 21. Nh4 Ng5 22. Nf5 Qe6 23. O-O-O Bg6 24. Rdf1 Bxf5 25. Rxf5 Re8 26. Kb1 Nef7 27. e4 Rad8 28. Qa5 Qb6 29. Qc3 dxe4 30. a5 Qe6 31. Qxc5?! { Inaccuracy. Rxc5 was best. } 31... exd3 32. Bxd3 Ne4 33. Bxe4 Qxe4 34. Rc1 a6 35. Rff1 Rc8 36. Qf2 Ng5 37. Qg3 Qd5 38. Rf5 Qe6 39. Qd3?! { Inaccuracy. Ka2 was best. } 39... Red8 40. Qf1 Ne4 41. Qg1 Nd2+ 42. Ka1 Qe4 43. Qb6 Rd5? { Mistake. Rd7 was best. } 44. c4?? { Blunder. Rxd5 was best. } 44... Rd3 45. Rf4?! { Inaccuracy. Ka2 was best. } 45... Qxf4 46. Qe6+ Kh7 0-1

[Event "Danmarksmesterskabet 2026"]
[Site "Svendborg"]
[Date "2026.03.29"]
[Round "2.3"]
[White "Liu, Casper Yukun"]
[Black "Hansen, Sune Berg"]
[Result "1/2-1/2"]
[WhiteElo "2334"]
[BlackElo "2498"]
[WhiteFideId "1454153"]
[BlackFideId "1400266"]
[EventDate "2026.03.28"]
[EventType "tourn"]
[EventRounds "9"]
[EventCountry "DEN"]
[SourceTitle "Live v. Kasper Jerwiarz"]

1. e4 d6 2. d4 Nf6 3. Nc3 e5 4. Nf3 Nbd7 5. h3 Be7 6. g4 h6 7. Be3 c6 8. Nd2 b5 9. a4? { Mistake. dxe5 was best. } 9... exd4 10. Bxd4 b4 11. Ne2 c5 12. Be3 d5 13. Bg2 Bb7 14. O-O O-O 15. Bf4 dxe4 16. Bh2 Qc8 17. Ng3 e3?! { Inaccuracy. Re8 was best. } 18. Nf5 exf2+ 19. Rxf2 Re8 20. Bd6 Bd8 21. h4?! { Inaccuracy. Qf1 was best. } 21... Nh7? { Mistake. c4 was best. } 22. Qf1 Ndf6 23. Re1 Re6 24. Rxe6 fxe6 25. Nxg7?! { Inaccuracy. Nxh6+ was best. } 25... Kxg7 26. Be5 Kg8?? { Blunder. c4 was best. } 27. Qd3 Bxg2?? { Blunder. Nf8 was best. } 28. Qg6+ Kh8 29. g5 Qd7 30. gxf6 Bc7 31. Nc4 Bc6 32. Rd2 Bd5 33. f7+ Bxe5 34. Nxe5 Qc7 35. Re2 Rf8 36. Re3 Bf3 37. Kf2 Qd8 38. Rxf3?? { Blunder. Qxh6 was best. } 38... Qxh4+?? { Blunder. Qd2+ was best. } 39. Rg3?? { Blunder. Qg3 was best. } 39... Qh2+ 40. Kf1 Ng5 41. Qf6+ Kh7 42. Qg6+ Kh8 43. Qf6+ Kh7 44. Qg6+ Kh8 45. Qf6+ 1/2-1/2

[Event "Danmarksmesterskabet 2026"]
[Site "Svendborg"]
[Date "2026.03.29"]
[Round "2.4"]
[White "Ramsdal, Jens Albert"]
[Black "Pilgaard, Kim"]
[Result "1/2-1/2"]
[WhiteElo "2329"]
[BlackElo "2355"]
[WhiteFideId "1429221"]
[BlackFideId "1400657"]
[EventDate "2026.03.28"]
[EventType "tourn"]
[EventRounds "9"]
[EventCountry "DEN"]
[SourceTitle "Live v. Kasper Jerwiarz"]

1. e4 e5 2. Nf3 Nc6 3. Nc3 Nf6 4. d4 exd4 5. Nxd4 Bb4 6. Nxc6 bxc6 7. Bd3 d5 8. exd5 cxd5 9. O-O O-O 10. h3 Re8 11. Qf3 Rb8 12. Bf4 Ba5 13. Nb5 Bd7 14. Nd4 Ne4 15. Rad1 Rxb2 16. Bxe4 Rxe4 17. Nb3 c6 18. Nc5?! { Inaccuracy. Nxa5 was best. } 18... Re8?! { Inaccuracy. Rc4 was best. } 19. c4 Bc8 20. cxd5 cxd5 21. Rxd5 Qf6?? { Blunder. Qb6 was best. } 22. Ne4 Qa6 23. Be5 Rxa2 24. Nd6 Re7?? { Blunder. Qxf1+ was best. } 25. Qg3?? { Blunder. Rc1 was best. } 25... g6?? { Blunder. Qxf1+ was best. } 26. Nxc8?? { Blunder. Qg5 was best. } 26... Qxc8 27. Qg5 Rxe5 28. Qxe5 Bb6 29. Qe1 Qc6 30. Re5 Kg7 31. Re2 Ra5 32. Qb1 Rg5 33. Qe4 Qf6 34. h4 Rf5 35. g3 h5 36. Kg2 Qd6 37. Rb1 Qc5 38. Rbb2 Qd5 39. Qxd5 Rxd5 40. Rbd2 Rf5 41. Rd3 Bc5 42. Rb3 Bf8 43. Rb7 a5 44. Ra7 Bb4 45. Rc2 Be1 46. Kf1 Bb4 47. Rb7 Bd6 48. Ke2 a4 49. Rd7 Bc5 50. f3 a3 51. f4 Bf8 52. Ra7 Bd6 53. Rc6 Bb4 54. Rcc7 Bc5 55. Ra5 Bb6 56. Rxf5 Bxc7 57. Rd5 Bb6 58. Rd3 Bc5 59. Rd8 Be7 60. Ra8 Kf6 61. Ra6+ Kf5 62. Kf3 Bb4 63. Ra4 Be7 64. Ra7 Ke6 65. Ra6+ Kd5 66. f5 gxf5 67. Kf4 Kc4 68. Kxf5 Kb3 69. g4?? { Blunder. Rb6+ was best. } 69... a2?? { Blunder. hxg4 was best. } 70. Rxa2 Kxa2 71. Ke4?? { Blunder. gxh5 was best. } 1/2-1/2

[Event "Danmarksmesterskabet 2026"]
[Site "Svendborg"]
[Date "2026.03.29"]
[Round "2.5"]
[White "Chatalbashev, Boris"]
[Black "Borge, Nikolaj"]
[Result "1/2-1/2"]
[WhiteElo "2534"]
[BlackElo "2367"]
[WhiteFideId "2900440"]
[BlackFideId "1400312"]
[EventDate "2026.03.28"]
[EventType "tourn"]
[EventRounds "9"]
[EventCountry "DEN"]
[SourceTitle "Live v. Kasper Jerwiarz"]

1. d4 d5 2. c4 e6 3. Nc3 c6 4. e4 dxe4 5. Nxe4 Bb4+ 6. Bd2 Qxd4 7. Bxb4 Qxe4+ 8. Be2 Na6 9. Ba5 b6 10. Bc3?! { Inaccuracy. Qd6 was best. } 10... f6 11. Qd6 Nh6?? { Blunder. Ne7 was best. } 12. O-O-O?? { Blunder. Bxf6 was best. } 12... Nf7 13. Qa3?! { Inaccuracy. Qg3 was best. } 13... Bb7 14. Rd4?? { Blunder. Bf3 was best. } 14... Qxg2 15. Bf3 Qf1+ 16. Rd1 Qxf2 17. Bd4 Qh4 18. Ne2 e5 19. Bc3 Qxc4 20. Rhg1 Qc5?! { Inaccuracy. g6 was best. } 21. Rxg7 Qxa3 22. bxa3 Rf8?! { Inaccuracy. Kf8 was best. } 23. Bh5 Bc8 24. Rd6?? { Blunder. Nd4 was best. } 24... Ke7 25. Rxc6 Be6 26. Ng3 Kd7?! { Inaccuracy. Rac8 was best. } 27. Bxf7 Rxf7 28. Rxf7+ Kxc6 29. Rxf6 Kd5 30. Rh6 Bg8 31. Nf5 Re8 32. Kd2 Re6 33. Rh4 Nc5 34. Ke3 Re8 35. Rh5 a5 36. Nh6 Kc4 37. Rxe5 Rxe5+?! { Inaccuracy. Rd8 was best. } 38. Bxe5 Be6 39. Bc7 Kb5 40. h4 Kc6 41. Bd8 Nb7 42. Be7 Kd7 43. Bf8 Ke8 44. Bg7 Nd6 45. Kf4 Nc4 46. Bd4 Kd7 47. Kg5 b5 48. Bc3 Nxa3 49. Bxa5 Bxa2 50. Kf6 Nc4 51. Be1 Ne3 52. Kg7 Bb1 53. Nf7 Ng2 54. Bf2 b4 55. Ne5+ Ke6 56. Nc6 b3 57. Nd4+ Ke5 58. Nxb3 h5 1/2-1/2

[Event "Danmarksmesterskabet 2026"]
[Site "Svendborg"]
[Date "2026.03.30"]
[Round "3.1"]
[White "Hansen, Sune Berg"]
[Black "Ochsner, Bjorn Moller"]
[Result "0-1"]
[WhiteElo "2498"]
[BlackElo "2461"]
[WhiteFideId "1400266"]
[BlackFideId "1416928"]
[EventDate "2026.03.28"]
[EventType "tourn"]
[EventRounds "9"]
[EventCountry "DEN"]
[SourceTitle "Live v. Kasper Jerwiarz"]

1. d4 Nf6 2. c4 e6 3. Nc3 d5 4. cxd5 exd5 5. Bg5 Bb4 6. Qc2 h6 7. Bxf6 Qxf6 8. a3 Bxc3+ 9. Qxc3 O-O 10. e3 Bf5 11. Ne2 Nd7 12. Ng3 Bg6?! { Inaccuracy. c6 was best. } 13. Qxc7 Nb6 14. Qf4 Qc6 15. Be2 Qc2 16. O-O Qxb2 17. Bg4 Nc4 18. Bf5 Nd2?! { Inaccuracy. Qb6 was best. } 19. Rfe1?! { Inaccuracy. Rfd1 was best. } 19... a5 20. Rac1?! { Inaccuracy. h4 was best. } 20... Nc4 21. a4 Qb4 22. Rb1 Qxa4 23. h4 Qc6 24. h5 Bh7 25. e4 dxe4 26. Rxe4 Nd6 27. Bxh7+ Kxh7 28. Re5?! { Inaccuracy. Rc1 was best. } 28... a4 29. Rc5 Qa6 30. Rd5?! { Inaccuracy. Ne4 was best. } 30... Rfd8 31. Ne4?! { Inaccuracy. Ra1 was best. } 31... Qd3 32. Re1?! { Inaccuracy. Nd2 was best. } 32... Nxe4 33. Qf5+ Kg8 34. Rxd8+ Rxd8 35. Rxe4 Qb3 36. Re3?! { Inaccuracy. Kh2 was best. } 36... Qd1+ 37. Kh2 Qxd4 38. g3 Qd7 39. Qc5 Re8 40. Rf3 b5 41. Rf4 Rc8 42. Qe5 a3 43. Qa1 Ra8 44. Rb4 a2 45. Kg1 Qd5 46. Rg4 f6 0-1

[Event "Danmarksmesterskabet 2026"]
[Site "Svendborg"]
[Date "2026.03.30"]
[Round "3.2"]
[White "Nielsen, Viktor Haarmark"]
[Black "Chatalbashev, Boris"]
[Result "1-0"]
[WhiteElo "2389"]
[BlackElo "2534"]
[WhiteFideId "1444492"]
[BlackFideId "2900440"]
[EventDate "2026.03.28"]
[EventType "tourn"]
[EventRounds "9"]
[EventCountry "DEN"]
[SourceTitle "Live v. Kasper Jerwiarz"]

1. d4 Nf6 2. c4 e6 3. g3 d5 4. Nf3 dxc4 5. Bg2 Bb4+ 6. Bd2 a5 7. Qc2 c5 8. a3 Bxd2+ 9. Nbxd2 cxd4 10. Nxc4 O-O 11. O-O d3 12. Qxd3 Qxd3 13. exd3 Nc6 14. Nfe5 Nxe5 15. Nxe5 Nd7 16. d4 Nb6 17. Rac1 Rd8 18. Rfd1 Rb8 19. Bf3 Nd5 20. Bxd5 exd5 21. f3 f6 22. Nd3 Bf5 23. Nf4 g5 24. Ng2 Rbc8 25. Ne3 Be6 26. Kf2 Kf7 27. Ke2 Ke7 28. Kd2 Kd6 29. Rh1 Rxc1 30. Kxc1 Rg8 31. Kd2 h5 32. Ke2 h4 33. gxh4 gxh4 34. Rc1 b6 35. Kf2 Rb8 36. Ng2 Rh8 37. Ne3 Rb8 38. f4 Re8?! { Inaccuracy. Bh3 was best. } 39. Rg1 Rc8?! { Inaccuracy. Ke7 was best. } 40. Rg7?! { Inaccuracy. f5 was best. } 40... Rc1?! { Inaccuracy. f5 was best. } 41. f5 Bd7 42. Rf7?! { Inaccuracy. Rg6 was best. } 42... Bc6?? { Blunder. Bxf5 was best. } 43. Rxf6+ Kd7 44. Ng4 Rc2+ 45. Ke3 Kc7?! { Inaccuracy. Ke8 was best. } 46. Ne5 Bb5 47. Rf7+ Kc8 48. f6 Re2+ 49. Kf3 Re1 50. Rf8+ Kc7 51. f7 Rf1+ 52. Kg4 Bd7+ 53. Nxd7 Kxd7 54. Ra8 1-0

[Event "Danmarksmesterskabet 2026"]
[Site "Svendborg"]
[Date "2026.03.30"]
[Round "3.3"]
[White "Pilgaard, Kim"]
[Black "Liu, Casper Yukun"]
[Result "0-1"]
[WhiteElo "2355"]
[BlackElo "2334"]
[WhiteFideId "1400657"]
[BlackFideId "1454153"]
[EventDate "2026.03.28"]
[EventType "tourn"]
[EventRounds "9"]
[EventCountry "DEN"]
[SourceTitle "Live v. Kasper Jerwiarz"]

1. e4 c6 2. d4 d5 3. exd5 cxd5 4. Bd3 Nc6 5. c3 e6 6. Bf4 Bd6 7. Bxd6 Qxd6 8. Nf3 Nge7 9. O-O O-O 10. Re1 f6 11. Nbd2 Kh8 12. Qe2 g5 13. h3 Ng6 14. Bxg6 hxg6 15. Nf1 Bd7 16. Rad1 Rac8 17. Ne3 b5 18. h4?! { Inaccuracy. Nd2 was best. } 18... gxh4 19. Nxh4 Ne7 20. Rd3?! { Inaccuracy. g3 was best. } 20... Kg7 21. Qg4 Rh8 22. g3 Kf7 23. Qf3?! { Inaccuracy. f4 was best. } 23... Rcf8?! { Inaccuracy. g5 was best. } 24. Ng4 Kg7 25. Qe2 Rh7?! { Inaccuracy. g5 was best. } 26. f4 Rfh8 27. Qg2 Kf7 28. Rf3 Nf5 29. Nxf5 gxf5 30. Nf2 b4 31. Nd3?! { Inaccuracy. Qf1 was best. } 31... bxc3 32. bxc3 Qa3 33. Rfe3 Qxa2 34. Nc5?! { Inaccuracy. Qxa2 was best. } 34... Qxg2+?? { Blunder. Bb5 was best. } 35. Kxg2 Rh2+ 36. Kf3 Bb5 37. Nb7?? { Blunder. Rxe6 was best. } 37... Kg6 38. Nd6 Bd7 39. R3e2?! { Inaccuracy. Ra1 was best. } 39... Rxe2 40. Rxe2 Rb8 41. c4 dxc4 42. Nxc4 Rb4 43. Rc2 Bc6+ 44. Ke3? { Mistake. Kf2 was best. } 44... Rb3+ 45. Kd2 Rxg3 46. Ne3 Bb5 47. Rc5 a6 48. d5 e5 49. d6 exf4 50. Nxf5 Rg2+ 51. Kc3?! { Inaccuracy. Kc1 was best. } 51... Rh2 52. Nd4 Rh3+ 53. Kb4?! { Inaccuracy. Kb2 was best. } 53... Rd3 54. Ne2 Kf7 55. Rc7+ Ke8 56. Re7+ Kd8 57. Kc5? { Mistake. Nxf4 was best. } 57... f3 58. Nf4 f2 59. Ne6+ Kc8 60. Rc7+ Kb8 61. Rf7? { Checkmate is now unavoidable. Nd4 was best. } 61... Rc3+ 62. Kb6 Rc6+ 63. Ka5 f1=Q 0-1